| 000 | 00790nam a22001817a 4500 | ||
|---|---|---|---|
| 005 | 20240307121054.0 | ||
| 010 | _aHIN-127037 | ||
| 020 |
_a9789380964355 _c495.00 |
||
| 035 | _aHN-99383 | ||
| 037 | _bDBAD/PUB | ||
| 082 | _a240.33 | ||
| 100 |
_aशर्मा,पवित्र कुमार _962925 |
||
| 245 |
_aभगवन महावीर/ _cपवित्र कुमार शर्मा |
||
| 260 |
_aनई दिल्ली _bनीलगिरि प्रकाशन _c2021 |
||
| 270 |
_a4760-61 द्वितीय तल 23 अंसारी रोड दरियागंज _bनई दिल्ली _e110002 |
||
| 300 |
_a168पृष्ठ; _c22 सेमी(सजिल्द) |
||
| 942 |
_2ddc _cHN _h240.33 _mशर्माप |
||
| 999 |
_c201284 _d201284 |
||